000 00450nam a22001697a 4500
003 BD-ChCU
005 20260114093126.0
008 260114b bg ||||| |||| 00| 0 ben d
040 _cBD-ChCU
082 _a370.1 SUE
100 _aSufian , M.M.
_919168
245 _aThe education of personality ./
_cM.M. Sufian .
260 _aCalcutta :
_bDerber press ,
_cC 1937
300 _aviii , 168p
650 0 _aEducation
_919169
942 _2ddc
_cBK
_n0
999 _c111005
_d111005